LEADER 00488naa a2200133 i 4500 001 000000314609 003 CaOOAMICUS 005 20180831173134.0 008 180831n it u000 u ita u 013 $a29773 040 $aSeMil$bita 245 10$aDel primato civile e morale degli Italiani. 773 0 $tFare l'Italia, fare gli Italiani.$dRoma : AVE, 2011.$kSeme e l'aratro$z978-88-8284-614-5$gp.129-139$w()215805 996 $6245$aDel primato civile e morale degli Italiani$9(OLS)http://semarc/title/385066 LEADER 01438nam a2200253 i 4500 001 000000241861 003 CaOOAMICUS 005 20150520000000.0 008 150520s1675 it u000 u ita u 013 $a220766 026 $aaln' ,ea- ilge vsza (3) 1675 (Q) 040 $aSeMil$bita 245 10$aAmmaestramenti dell'anima christiana di monsignor Maraviglia vescovo di Novara consagrati all'em.mo et rev.mo sig. cardinale Gregorio Barbarigo vescovo di Padova. 260 $aIn Novara :$bPer gli Heredi di Gio. Giacomo Caccia,$c1675. 300 $a[6], 406, [2] p. ;$c12°. 500 $aData desunta dalla dedica a c. +3r. - Segn. : +8 A-2B8 2C4. - Fregi, iniz. xilogr. 650 4$aVescovi - Predicazione.$0(OLS)http://semarc/subject/5366 650 4$aPastorale - Chiesa cattolica - Sec. 16.-18.$0(OLS)http://semarc/subject/9524 700 1 $aCaccia, Giovanni Giacomo eredi .$0(OLS)http://semarc/name/81874 700 1 $aMaraviglia, Giuseppe Maria <1617-1684>.$0(OLS)http://semarc/name/81873 850 $aSeMil 852 $aSeMil$W1$xVenegono$y1$m3F I 301 FA$j192207$B192207$CSeMilBibl$Z2$F203014 $8I 996 $6245$aAmmaestramenti dell'anima christiana di monsignor Maraviglia vescovo di Novara consagrati all'em.mo et rev.mo sig. cardinale Gregorio Barbarigo vescovo di Padova$9(OLS)http://semarc/title/343678 996 $6260$aIn Novara :$bPer gli Heredi di Gio. Giacomo Caccia$9(OLS)http://semarc/publisher/54662